000 00520cam a2200169 4500
020 _a0070722439
082 0 0 _a625.8
_bYAN
_cL-14, P-128
100 1 _aYang, Nai C.,
_943811
245 1 0 _aDesign of functional pavements
_c[by] Nai C. Yang.
260 _aNew York,
_bMcGraw-Hill
_c[1972]
300 _ax, 467 p.
_billus.
_c24 cm.
526 _a0
_b0
_c0
_d625_800000000000000_YAN
526 _a0
_b0
_c0
_d625_800000000000000_YAN
650 0 _aMCE
_9379
650 0 _aPavements
_xDesign and construction.
_9916
942 _2ddc
_cBK
999 _c547665
_d547665